Countries with the Most Emigrants per Capita - Statistics

General Stats
  • This quiz has been taken 39 times
  • The average score is 9 of 20
Answer Stats
% ~ Answer % Correct
11 United Kingdom
94%
11 Ireland
71%
20 Poland
66%
12 Romania
66%
38 Albania
57%
23 Bulgaria
57%
10 Croatia
57%
45.6 Bosnia and Herzegovina
54%
11 Mexico
54%
10 Serbia
51%
15 Moldova
46%
27 Portugal
43%
11 Armenia
40%
25 Georgia
34%
10 Morocco
34%
8 Bangladesh
31%
10 El Salvador
31%
9 Philippines
29%
11 Ecuador
26%
40 Cape Verde
3%
No matching quizzes found
Score Distribution
Percent of People with Each Score
Percentile by Number Answered
Your Score History
You have not taken this quiz